Unique titles of heads of state - Statistics

General Stats
  • This quiz has been taken 257 times
    213 since last reset
  • The average score is 13 of 18
Answer Stats
Title Country % Correct
Emperor Japan
95%
Chairman of the Presidium of the Supreme People's Assembly North Korea
90%
Co-Prince(s) Andorra
89%
Grand Duke Luxembourg
89%
Oman
87%
Qatar
86%
Monaco
83%
Sultan Brunei
82%
Emir Kuwait
77%
Prince Liechtenstein
75%
Supreme Leader Iran
73%
Yang di-Pertuan Agong Malaysia
64%
Captain(s) Regent San Marino
64%
O le Ao o le Malo Samoa
59%
Sovereign Vatican City
56%
Federal Council Switzerland
55%
Sovereignty Council Sudan
30%
Chairman of the Presidency Bosnia & Herzegovina
27%
No matching quizzes found
Score Distribution
Percent of People with Each Score
Percentile by Number Answered
Your Score History
You have not taken this quiz since the last reset